000 00265nam a22001217a 4500
082 _a297.44
100 _aSyed Ali Hujweri
245 _aKASHF UL MAHJOOB
260 _aLahore:
_bIslami Kutab Khana;
_c2010.
300 _a560p. ;
500 _aHardcover.
942 _cBK
999 _c32592
_d32592